000 00399cam a2200169 4500
001 D12394
008 090401t1957 xxu||||| |||| 00| 0 eng d
035 _a(Sirsi) u3176
041 _aeng
100 _aChrystal-Smith, G.
245 _aHow to write a building specification
260 _aLondon
_bGeorge Newnes
_c1957
350 _a0
520 _aShelf 152
942 _n0
948 _c04/03/1997
999 _c85854
_d85854